|
|
|
|
| LEADER |
01872nam a2200433 i 4500 |
| 001 |
EBC5156590 |
| 003 |
MiAaPQ |
| 005 |
20200520144314.0 |
| 006 |
m o d | |
| 007 |
cr cnu|||||||| |
| 008 |
180306t20182018mau o 001 0 eng d |
| 020 |
|
|
|z 9781547416172
|
| 020 |
|
|
|a 9781547400188
|q (electronic bk.)
|
| 020 |
|
|
|a 9781547400201
|q (electronic bk.)
|
| 035 |
|
|
|a (MiAaPQ)EBC5156590
|
| 035 |
|
|
|a (Au-PeEL)EBL5156590
|
| 035 |
|
|
|a (CaPaEBR)ebr11508850
|
| 035 |
|
|
|a (OCoLC)1022786672
|
| 040 |
|
|
|a MiAaPQ
|b eng
|e rda
|e pn
|c MiAaPQ
|d MiAaPQ
|
| 050 |
|
4 |
|a HF5351
|b .L443 2018
|
| 082 |
0 |
|
|a 650
|2 23
|
| 100 |
1 |
|
|a Lehavi, Dorene,
|e author.
|
| 245 |
1 |
0 |
|a Business partnership essentials :
|b a step-by-step action plan for succeeding in business With a Partner /
|c Dorene Lehavi.
|
| 250 |
|
|
|a Second edition.
|
| 264 |
|
1 |
|a Boston, [Massachusetts] ;
|a Berlin, [Germany] :
|b De Gruyter Press,
|c 2018.
|
| 264 |
|
4 |
|c 2018
|
| 300 |
|
|
|a 1 online resource (152 pages)
|
| 336 |
|
|
|a text
|2 rdacontent
|
| 337 |
|
|
|a computer
|2 rdamedia
|
| 338 |
|
|
|a online resource
|2 rdacarrier
|
| 500 |
|
|
|a Includes index.
|
| 588 |
|
|
|a Description based on online resource; title from PDF title page (EBC, viewed March 6, 2018).
|
| 590 |
|
|
|a Electronic reproduction. Ann Arbor, MI : ProQuest, 2018. Available via World Wide Web. Access may be limited to ProQuest affiliated libraries.
|
| 650 |
|
0 |
|a Business.
|
| 650 |
|
0 |
|a Partnership.
|
| 655 |
|
4 |
|a Electronic books.
|
| 776 |
0 |
8 |
|i Print version:
|a Lehavi, Dorene.
|t Business partnership essentials : a step-by-step action plan for succeeding in business with a partner.
|b Second edition.
|d Boston, [Massachusetts] ; Berlin, [Germany] : De Gruyter Press, c2018
|h xxviii, 152 pages
|z 9781547416172
|
| 797 |
2 |
|
|a ProQuest (Firm)
|
| 856 |
4 |
0 |
|u https://ebookcentral.proquest.com/lib/matrademy/detail.action?docID=5156590
|z Click to View
|